000 00409nam a22001697a 4500
003 MPLRDC
005 20220104143138.0
008 210129b ||||| |||| 00| 0 eng d
082 _a848.2 LL v.2 c.2
100 _a罗兰著
245 _a罗兰散文. 第二辑
_c
250 _a再版
260 _a
_b文化图书公司
_c1981
300 _b
650 _a现代别集
942 _cBK
_o848.2 LL v.2 c.2
999 _c37061
_d37051